000 00604nas a2200217 4500
001 BR9511352
003 BR-BrBNA
005 20231205094606.0
007 ta
008 230509b bl.|||p| |||| 00| 00por d
040 _aBR-BrBNA
_bpor
_cBiblioteca Nacional de Agricultura
041 _a(Pt)
072 _aB50
100 1 _aSantos, L.W. dos
245 1 _aCanola - que colza antiga
650 _aColza
650 _aHistoria
773 0 _tAgropecuaria Catarinense (Brazil)
_xISSN 0103-0779
_g(Sep 1995), v. 8(3) p. 4-5
_wBR9511352
909 _a202311
_bLúcia
_c55
_dLúcia Elande
942 _2AGRIS
_n0
_cANA
999 _c145497
_d145497